Normal view
MARC view
- النداوي ، آدم وهيب
Entry Personal Name
001 - CONTROL NUMBER
- control field: 8636
003 - CONTROL NUMBER IDENTIFIER
- control field: JO-AjAnu
005 - DATE AND TIME OF LATEST TRANSACTION
- control field: 20230606071707.0
008 - FIXED-LENGTH DATA ELEMENTS
- fixed length control field: 230606|| aca||aabn | a|a d
040 ## - CATALOGING SOURCE
- Original cataloging agency: JO-AjAnu
- Transcribing agency: JO-AjAnu
100 ## - HEADING--PERSONAL NAME
- Personal name: النداوي ، آدم وهيب
670 ## - SOURCE DATA FOUND
- Source citation: Work cat.: (JO-AjAnu)4458: النداوي ، آدم وهيب , author, مدى سلطة المحكمة المدنية في تعديل نطاق الدعوى " دراسة تأصيلية مقارنة في قانون المرافعات "